00672 a2200205 4500001000700000003000400007005001700011008004100028020001800069020000900087040002500096041000800121082001000129100001900139245005600158260003500214300001700249520017600266856002400442119132OSt20240403133045.0240403b |||||||| |||| 00| 0 ENG d a9780241303054 qenc. aBR-BrIDEAcBR-BrIDEA aeng a821.7 aBlake, William10aSongs of innocence and of experiencecWilliam Blake aLondonbPenguim Classicsc2005 a102 p.bill. aThis book is one of the best-loved poetry collections of all time, an innovative and groundbreaking experiment in which Blake intertwined text and image to dazzling effect u000034/00003438.jpg